[Event "Mondiale Semilampo 2016"]
[Site "Doha QAT"]
[Date "2016.12.26"]
[Round "4.37"]
[White "Halkias, Stelios"]
[Black "Atabayev, Maksat"]
[Result "1/2-1/2"]
[WhiteTitle "GM"]
[BlackTitle "GM"]
[WhiteElo "2585"]
[BlackElo "2492"]
[WhiteFideId "4201809"]
[BlackFideId "14001101"]
[EventDate "2016.12.26"]

1. e4 c5 2. Nf3 Nc6 3. Bb5 g6 4. Bxc6 dxc6 5. d3 Bg7 6. h3 e5 7. a4 b6 8. a5 b5
9. Be3 Qd6 10. Nbd2 Nf6 11. Nb3 c4 12. Nc5 cxd3 13. Qxd3 Qxd3 14. cxd3 Nd7 15.
Rc1 O-O 16. Ke2 Rd8 17. Nxd7 Bxd7 18. b4 a6 19. g4 h6 20. Nd2 f5 21. f3 Bf8 22.
Bc5 Bg7 23. gxf5 gxf5 24. Rhg1 Kh7 25. exf5 Bxf5 26. Ne4 Bxh3 27. Be7 Rd7 28.
Bf6 Rc8 29. Rc5 Be6 30. Rxe5 Bd5 31. Bxg7 Rxg7 32. Nf6+ Kh8 33. Rxg7 Kxg7 34.
Nxd5 cxd5 35. Rxd5 Rc6 36. Ke3 Kg6 37. Rd8 Re6+ 38. Kf4 Rf6+ 39. Kg3 h5 40. Rb8
h4+ 41. Kg4 h3 42. Kg3 h2 43. Rh8 Rd6 44. Rxh2 Rxd3 45. Rh4 Kf5 46. Re4 Rc3 47.
Kf2 Rc2+ 48. Ke3 Rc3+ 49. Ke2 Rb3 50. Kf2 Rc3 51. Kg3 Rb3 52. Kf2 Rc3 53. Kg2
Rc2+ 54. Kg3 Rc3 55. Rh4 Rb3 56. Kf2 Ke5 57. Rg4 Kf5 58. Kg3 Rb1 59. Rh4 Rb2 60.
Rd4 Rb3 61. Rf4+ Kg5 62. Rd4 Kf5 63. Re4 Rb2 64. Rh4 Rb3 65. Rd4 Rb2 66. f4 Rb3+
67. Kf2 Rc3 68. Ke2 Rh3 69. Kd2 Rh6 70. Kc3 Rh3+ 71. Rd3 Rh6 72. Kd4 Kxf4 73.
Kc5 Ke5 74. Rd5+ Ke4 75. Rd8 Ke3 76. Rd7 Rh4 77. Rb7 Kd3 78. Rg7 Rh5+ 79. Kb6
Rh6+ 80. Kc5 Rh5+ 81. Kb6 1/2-1/2

[Event "Mondiale Semilampo 2016"]
[Site "Doha QAT"]
[Date "2016.12.26"]
[Round "4.38"]
[White "Bindrich, Falko"]
[Black "Moiseenko, Alexander"]
[Result "1-0"]
[WhiteTitle "GM"]
[BlackTitle "GM"]
[WhiteElo "2590"]
[BlackElo "2657"]
[WhiteFideId "4676670"]
[BlackFideId "14102560"]
[EventDate "2016.12.26"]

1. d4 Nf6 2. c4 e6 3. Nc3 Bb4 4. Qc2 d5 5. cxd5 exd5 6. Bg5 c5 7. dxc5 h6 8. Bh4
O-O 9. e3 Be6 10. a3 Bxc5 11. Rd1 Nbd7 12. Bd3 Rc8 13. Nge2 Be7 14. O-O a6 15.
Nf4 b5 16. Qe2 Qa5 17. Nxe6 fxe6 18. e4 Qd8 19. exd5 exd5 20. Bf5 Rc4 21. Nxd5
Nxd5 22. Bxe7 Qxe7 23. Qxe7 Nxe7 24. Be6+ Kh7 25. Bxc4 bxc4 26. Rxd7 Ng6 27. Rc7
Ne5 28. Re1 Rf5 29. f3 h5 30. Re4 Kh6 31. h4 a5 32. Re7 Ng6 33. Rc7 Rb5 34. Rc6
Kh7 35. Rcxc4 Rxb2 36. Rc5 1-0

[Event "Mondiale Semilampo 2016"]
[Site "Doha QAT"]
[Date "2016.12.26"]
[Round "4.39"]
[White "Adhiban, Baskaran"]
[Black "Al-Sayed, Mohammed"]
[Result "1-0"]
[WhiteTitle "GM"]
[BlackTitle "GM"]
[WhiteElo "2666"]
[BlackElo "2508"]
[WhiteFideId "5018471"]
[BlackFideId "12100196"]
[EventDate "2016.12.26"]

1. d4 Nf6 2. Nf3 g6 3. Bg5 Bg7 4. Nbd2 O-O 5. c3 d6 6. e4 c5 7. dxc5 dxc5 8. Bc4
Nc6 9. Qe2 Ng4 10. O-O Nge5 11. Rad1 Nxc4 12. Nxc4 Qc7 13. Ne3 b6 14. Nd5 Qb7
15. b4 f6 16. b5 Nd8 17. Bh4 Nf7 18. e5 g5 19. Bg3 g4 20. exf6 exf6 21. Nh4 Ne5
22. Qc2 Be6 23. Nf5 Rad8 24. Nde7+ Kh8 25. Rxd8 Rxd8 26. Bxe5 fxe5 27. Nc6 Rf8
28. Nxg7 Qxg7 29. Qe2 Bd5 30. Nxe5 h5 31. c4 Bg8 32. Re1 Rf4 33. Rd1 Rd4 34.
Rxd4 cxd4 35. Qe4 Qg5 36. Ng6+ Kg7 37. Nf4 Qc5 38. Qg6+ Kf8 39. Nxh5 Qxc4 40.
Qg7+ Ke8 41. Nf6+ Kd8 42. Qd7# 1-0

[Event "Mondiale Semilampo 2016"]
[Site "Doha QAT"]
[Date "2016.12.26"]
[Round "4.40"]
[White "Salinas Herrera, Pablo"]
[Black "Bosiocic, Marin"]
[Result "1/2-1/2"]
[WhiteTitle "IM"]
[BlackTitle "GM"]
[WhiteElo "2466"]
[BlackElo "2591"]
[WhiteFideId "3407128"]
[BlackFideId "14507927"]
[EventDate "2016.12.26"]

1. e4 e5 2. Nf3 Nc6 3. Bb5 Nf6 4. O-O Nxe4 5. d4 Nd6 6. Bxc6 dxc6 7. dxe5 Nf5 8.
Qxd8+ Kxd8 9. h3 Ke8 10. Nc3 h5 11. Rd1 Be7 12. Ne2 Nh4 13. Nfd4 Ng6 14. f4 Bd7
15. c4 Rd8 16. b3 h4 17. Bb2 Rh5 18. Kf2 Bc5 19. Bc3 b6 20. b4 Bxd4+ 21. Rxd4
Be6 22. Rc1 Rxd4 23. Bxd4 Kd7 24. a3 Rh8 25. Kf3 Ne7 26. Bf2 a6 27. Nd4 b5 28.
cxb5 axb5 29. Rc3 g6 30. Rd3 Nd5 31. Nb3 Ke8 32. Nc5 Ne7 33. Nxe6 fxe6 34. Kg4
Nf5 35. Kg5 Rh7 36. Bc5 Rf7 37. Bf2 Rh7 38. Rd2 Rf7 39. Rd3 Rh7 40. Rf3 Rh5+ 41.
Kxg6 Rh6+ 42. Kg5 Kf7 43. Rd3 Rg6+ 44. Kh5 Rxg2 45. Bxh4 Ng7+ 46. Kh6 Nf5+ 47.
Kh5 Ng7+ 48. Kh6 Nf5+ 49. Kh5 Ng7+ 1/2-1/2

[Event "Mondiale Semilampo 2016"]
[Site "Doha QAT"]
[Date "2016.12.26"]
[Round "4.41"]
[White "Ganguly, Surya Shekhar"]
[Black "Kayumov, Sergey"]
[Result "1-0"]
[WhiteTitle "GM"]
[BlackTitle "GM"]
[WhiteElo "2668"]
[BlackElo "2505"]
[WhiteFideId "5002150"]
[BlackFideId "14200880"]
[EventDate "2016.12.26"]

1. e4 e5 2. Nf3 Nc6 3. Bc4 Bc5 4. O-O Nf6 5. d3 h6 6. c3 d6 7. Re1 O-O 8. h3 a6
9. Bb3 Ba7 10. Nbd2 Nh5 11. Nf1 Qf6 12. Be3 Nf4 13. d4 Ne7 14. Ng3 Neg6 15. Bc2
Nh4 16. Nxh4 Qxh4 17. Qf3 g6 18. Bxf4 Qxf4 19. Qxf4 exf4 20. Ne2 f3 21. Ng3 c5
22. d5 Re8 23. h4 fxg2 24. Kxg2 h5 25. f4 Bd7 26. e5 dxe5 27. fxe5 Kg7 28. c4
Re7 29. e6 fxe6 30. Re5 Rf8 31. Rg5 exd5 32. Rxg6+ Kf7 33. cxd5 Ke8 34. Be4 c4
35. Bf3 Bh3+ 36. Kxh3 Rxf3 37. d6 Ree3 38. Kg2 Rf2+ 39. Kxf2 Re6+ 40. Kf3 Rxg6
41. Re1+ Kd7 42. Nf5 Rf6 43. Re7+ Kd8 44. Ke4 Rxd6 45. Nxd6 Kxe7 46. Nc8+ Kd7
47. Nxa7 Kc7 48. Kd5 Kb8 49. Nc6+ bxc6+ 50. Kxc6 1-0

[Event "Mondiale Semilampo 2016"]
[Site "Doha QAT"]
[Date "2016.12.26"]
[Round "4.42"]
[White "Hirneise, Tobias"]
[Black "Adly, Ahmed"]
[Result "0-1"]
[WhiteTitle "IM"]
[BlackTitle "GM"]
[WhiteElo "2466"]
[BlackElo "2599"]
[WhiteFideId "24600881"]
[BlackFideId "10601619"]
[EventDate "2016.12.26"]

1. d4 d5 2. c4 e6 3. Nc3 Nf6 4. cxd5 exd5 5. Bg5 c6 6. e3 Be7 7. Bd3 Bg4 8. Nge2
Bh5 9. Qb3 Qb6 10. Qxb6 axb6 11. Nf4 Bg6 12. Nxg6 hxg6 13. Bf4 Nbd7 14. h3 b5
15. O-O b4 16. Ne2 O-O 17. f3 Ra7 18. Nc1 Rfa8 19. b3 Nh5 20. Bh2 Bg5 21. Kf2
Re8 22. Re1 Bh4+ 23. g3 Bd8 24. Re2 Bc7 25. Rc2 f5 26. Ne2 Nhf6 27. Bg1 Bd6 28.
g4 Ne4+ 29. Kg2 Ndf6 30. Rcc1 Ng5 31. gxf5 gxf5 32. Bxf5 Kf7 33. Ng3 Raa8 34.
Re1 g6 35. Bg4 Rh8 36. Bf2 Rh7 37. Rh1 Rah8 38. Rae1 Bxg3 39. Bxg3 Nxg4 40. fxg4
Ne4 41. Be5 Ra8 42. Re2 Ke6 43. h4 c5 44. Rc2 c4 45. bxc4 dxc4 46. Rb1 b3 47.
axb3 c3 48. Rh1 Ra3 49. h5 Rxb3 50. h6 Kd5 51. Bg7 b5 52. Kf3 b4 53. Ra1 Ng5+
54. Ke2 Kc4 55. d5 Nf7 56. Ra7 Nxh6 57. d6 Rxg7 58. Rxg7 Rb2 59. Kd1 Nxg4 60. d7
Nxe3+ 61. Ke1 Nxc2+ 62. Ke2 Nd4+ 63. Ke3 Re2+ 64. Kf4 c2 65. Kg4 c1=Q 0-1

[Event "Mondiale Semilampo 2016"]
[Site "Doha QAT"]
[Date "2016.12.26"]
[Round "4.43"]
[White "Tissir, Mohamed"]
[Black "Lu, Shanglei"]
[Result "1/2-1/2"]
[WhiteTitle "IM"]
[BlackTitle "GM"]
[WhiteElo "2376"]
[BlackElo "2627"]
[WhiteFideId "9000240"]
[BlackFideId "8603332"]
[EventDate "2016.12.26"]

1. e4 c5 2. Nc3 g6 3. Nf3 Bg7 4. d4 cxd4 5. Nxd4 Nc6 6. Be3 d6 7. h3 Nf6 8. Bc4
O-O 9. Bb3 Bd7 10. O-O Rc8 11. Re1 Na5 12. Qd3 a6 13. Rad1 Qc7 14. Bg5 Nxb3 15.
cxb3 Rfe8 16. Bxf6 exf6 17. Nde2 Bc6 18. Nf4 Qb8 19. Nfd5 Re6 20. Nf4 Re5 21.
Nfd5 Qa7 22. b4 Rce8 23. Re3 b5 24. Rde1 h5 25. Kh1 Qd7 26. f4 R5e6 27. Kh2 h4
28. Rf1 f5 29. exf5 gxf5 30. Rfe1 Rxe3 31. Rxe3 Rxe3 32. Qxe3 Kf8 33. Qf2 Qd8
34. Qc2 Bxc3 35. Nxc3 Qf6 36. Ne2 Bb7 37. Qc7 Bd5 38. Nd4 Qxd4 39. Qd8+ Kg7 40.
Qg5+ Kh7 41. Qxh4+ Kg8 42. Qd8+ Kg7 43. Qg5+ 1/2-1/2

[Event "Mondiale Semilampo 2016"]
[Site "Doha QAT"]
[Date "2016.12.26"]
[Round "4.44"]
[White "Anton Guijarro, David"]
[Black "Quintiliano Pinto, Renato R."]
[Result "1-0"]
[WhiteTitle "GM"]
[BlackTitle "IM"]
[WhiteElo "2650"]
[BlackElo "2484"]
[WhiteFideId "2285525"]
[BlackFideId "2117568"]
[EventDate "2016.12.26"]

1. d4 d5 2. c4 e6 3. Nf3 c6 4. Nbd2 Nf6 5. e3 Nbd7 6. b3 Bd6 7. Bb2 O-O 8. Bd3
Qe7 9. Ne5 c5 10. O-O b6 11. Qe2 Bb7 12. Rad1 Rfe8 13. f4 cxd4 14. exd4 Bb4 15.
Qe3 Nf8 16. Bb1 Rac8 17. Bd3 Ba3 18. Ba1 Bb4 19. a4 Rcd8 20. Ndf3 h6 21. Ng5
hxg5 22. fxg5 Ne4 23. Rxf7 Qxf7 24. Nxf7 Kxf7 25. h4 Kg8 26. Bxe4 dxe4 27. Kh1
Ng6 28. h5 Nh4 29. d5 Nf5 30. Qh3 e3 31. h6 e2 32. Rg1 e1=Q 33. Rxe1 Bxe1 34.
hxg7 Nxg7 35. g6 Rd7 36. Qh7+ Kf8 37. Bf6 1-0

[Event "Mondiale Semilampo 2016"]
[Site "Doha QAT"]
[Date "2016.12.26"]
[Round "4.45"]
[White "Saeed, Ishaq"]
[Black "Perez Ponsa, Federico"]
[Result "1-0"]
[WhiteTitle "FM"]
[BlackTitle "GM"]
[WhiteElo "2312"]
[BlackElo "2585"]
[WhiteFideId "9301453"]
[BlackFideId "117927"]
[EventDate "2016.12.26"]

1. d4 Nf6 2. Nf3 g6 3. g3 Bg7 4. Bg2 O-O 5. O-O d6 6. a4 Nbd7 7. a5 c6 8. Nc3
Qc7 9. e4 e5 10. Re1 Rb8 11. dxe5 dxe5 12. Be3 b5 13. axb6 axb6 14. Qd2 b5 15.
b4 Rd8 16. Red1 Bf8 17. Nxe5 Bxb4 18. Bf4 Nh5 19. Nxd7 Nxf4 20. Nf6+ Kg7 21.
Qxd8 Qxd8 22. Rxd8 Bxc3 23. Ne8+ Kh6 24. gxf4 Bxa1 25. Nd6 g5 26. Rxc8 Rxc8 27.
Nxc8 gxf4 28. Na7 Kg5 29. Nxc6 Kg4 30. f3+ Kg5 31. Bf1 1-0

[Event "Mondiale Semilampo 2016"]
[Site "Doha QAT"]
[Date "2016.12.26"]
[Round "4.46"]
[White "Kozul, Zdenko"]
[Black "Hirneise, Jens"]
[Result "1-0"]
[WhiteTitle "GM"]
[BlackTitle "FM"]
[WhiteElo "2613"]
[BlackElo "2315"]
[WhiteFideId "14502879"]
[BlackFideId "24614734"]
[EventDate "2016.12.26"]

1. Nf3 Nf6 2. c4 g6 3. Nc3 Bg7 4. d4 O-O 5. e4 d6 6. Be2 e5 7. O-O Nc6 8. d5 Ne7
9. Ne1 Nd7 10. Nd3 f5 11. Bd2 fxe4 12. Nxe4 Nf5 13. Bc3 Nf6 14. Bf3 Nh4 15.
Nxf6+ Qxf6 16. Be4 Bf5 17. Re1 g5 18. f3 Ng6 19. Bxf5 Qxf5 20. Nf2 Nf4 21. Qb1
Qd7 22. Qe4 Rf7 23. Bd2 Raf8 24. Rf1 c6 25. g3 cxd5 26. cxd5 Ng6 27. Nd3 Bf6 28.
a4 Bd8 29. Kg2 Kg7 30. b3 h6 31. Nb2 Ne7 32. Nc4 Nf5 33. Be3 Nxe3+ 34. Qxe3 g4
35. fxg4 Rxf1 36. Rxf1 Rxf1 37. Kxf1 Qxg4 38. Kg2 Qd1 39. Qf3 Qc2+ 40. Kh3 Qg6
41. Qg4 Bg5 42. Qd7+ Kh8 43. Qc8+ Kg7 44. Qc7+ Kh8 45. Qb8+ Kg7 46. Qxb7+ Kf6
47. Qxa7 Qf5+ 48. Kg2 Qe4+ 49. Kf1 Qd3+ 50. Kf2 Qc2+ 51. Kg1 Qd1+ 52. Kg2 Qxd5+
53. Kf2 Qh1 54. h4 Qh2+ 55. Kf1 Qh3+ 56. Ke2 Qg4+ 57. Kf2 Bc1 58. Nxd6 Ke6 59.
Qb6 Qd1 60. Nc4+ Ke7 61. Qc5+ Kf7 62. Qc7+ Kg8 63. Qxe5 Qc2+ 64. Qe2 Qxb3 65. a5
Qb5 66. Qe6+ Kh7 67. a6 Qc5+ 68. Kf3 Qg1 69. Qe2 Qh1+ 70. Kg4 Kh8 71. Qe5+ Kh7
72. Qe7+ Kh8 73. Qf6+ Kh7 74. Qf7+ Kh8 75. Ne5 Qd1+ 76. Qf3 Qd4+ 77. Kf5 Qa7 78.
Qd3 Qh7+ 79. Ng6+ Kg8 80. Qd8+ 1-0

[Event "Mondiale Semilampo 2016"]
[Site "Doha QAT"]
[Date "2016.12.26"]
[Round "4.47"]
[White "Neelotpal, Das"]
[Black "Lalith, Babu M R"]
[Result "1/2-1/2"]
[WhiteTitle "GM"]
[BlackTitle "GM"]
[WhiteElo "2463"]
[BlackElo "2587"]
[WhiteFideId "5003512"]
[BlackFideId "5024595"]
[EventDate "2016.12.26"]

1. e4 e5 2. Nf3 Nc6 3. Bc4 Bc5 4. O-O Nf6 5. d3 O-O 6. Re1 a6 7. c3 d6 8. Bg5 h6
9. Bh4 g5 10. Bg3 Bg4 11. Nbd2 Kg7 12. Nf1 Qe7 13. h3 Bh5 14. Bh2 Ba7 15. Ng3
Bg6 16. d4 Qd7 17. dxe5 Nxe5 18. Bb3 Nxf3+ 19. Qxf3 Rae8 20. Rad1 Qb5 21. Nf5+
Bxf5 22. exf5 Rxe1+ 23. Rxe1 Re8 24. Rxe8 Qxe8 25. g4 Qe1+ 26. Kg2 Ne4 27. Bg3
Nxg3 28. Qxg3 Qd2 29. f6+ Kxf6 30. Qf3+ Qf4 31. Qxf4+ gxf4 32. Kf3 c6 33. h4 d5
34. Kxf4 Bxf2 35. g5+ hxg5+ 36. hxg5+ Ke7 37. Bd1 Be1 38. a4 Bd2+ 39. Kf5 a5 40.
Be2 Bc1 41. b3 Bb2 42. c4 d4 43. Bh5 d3 44. g6 fxg6+ 45. Bxg6 Kd6 46. Ke4 d2 47.
Bh5 Kc5 48. Kd3 Kb4 49. Kc2 Bd4 50. Be2 Be3 51. Bf3 Bh6 52. Be2 Kc5 53. Bg4 Kd4
54. Bh5 Bg5 55. Bg4 1/2-1/2

[Event "Mondiale Semilampo 2016"]
[Site "Doha QAT"]
[Date "2016.12.26"]
[Round "4.48"]
[White "Henriquez Villagra, Cristobal"]
[Black "Firouzja, Alireza"]
[Result "1-0"]
[WhiteTitle "IM"]
[BlackTitle "IM"]
[WhiteElo "2517"]
[BlackElo "2456"]
[WhiteFideId "3409350"]
[BlackFideId "12573981"]
[EventDate "2016.12.26"]

1. e4 e5 2. Nf3 Nc6 3. Bc4 Nf6 4. Ng5 d5 5. exd5 Na5 6. Bb5+ c6 7. dxc6 bxc6 8.
Bd3 Nd5 9. h4 Nf4 10. Bf1 h6 11. Ne4 f5 12. Nec3 Bc5 13. d3 O-O 14. g3 Ne6 15.
Bg2 f4 16. Ne4 fxg3 17. fxg3 Bb6 18. Nbd2 Nd4 19. c3 Nf5 20. Nf3 Ba6 21. b4 Nb7
22. Qb3+ Kh8 23. Nxe5 Qe8 24. Bf4 Bc7 25. d4 Bxe5 26. dxe5 Rd8 27. Rd1 Qh5 28.
Qc2 Bc4 29. Kf2 Ne7 30. Bf3 Qg6 31. h5 Qh7 32. Qb1 Nd5 33. Rh4 Qg8 34. a3 Ne7
35. Nd6 Nxd6 36. exd6 Nf5 37. Rg4 Bd5 38. Bxd5 cxd5 39. Kg1 Qe6 40. Rg6 Qe2 41.
Re1 Qxh5 42. Rge6 Nh4 43. Qd1 Qf5 44. Qe2 Qh3 45. Rf1 Nf5 46. Qg2 Qg4 47. Rfe1
Nh4 48. gxh4 Qxf4 49. Rg6 Rg8 50. Re7 Qf8 51. Qg3 d4 52. Qe5 Kh7 53. Qe4 Kh8 54.
Qxd4 Kh7 55. Qe4 Kh8 56. d7 Rb8 57. c4 Qd8 58. Qe5 Rb6 59. Rgxg7 1-0

[Event "Mondiale Semilampo 2016"]
[Site "Doha QAT"]
[Date "2016.12.26"]
[Round "4.49"]
[White "Christiansen, Johan-Sebastian"]
[Black "Belyakov, Bogdan"]
[Result "1/2-1/2"]
[WhiteTitle "IM"]
[BlackTitle "IM"]
[WhiteElo "2429"]
[BlackElo "2487"]
[WhiteFideId "1512668"]
[BlackFideId "24104795"]
[EventDate "2016.12.26"]

1. Nf3 Nf6 2. c4 g6 3. g3 Bg7 4. Bg2 O-O 5. d4 d6 6. O-O Nc6 7. Nc3 a6 8. d5 Na5
9. b3 c5 10. dxc6 bxc6 11. Bb2 Rb8 12. Qd2 Qc7 13. Rac1 Nb7 14. Ne1 Nc5 15. Nd3
Nxd3 16. exd3 Bd7 17. Rfe1 Rfe8 18. d4 Qa5 19. Qe2 Bg4 20. Qd3 Bf5 21. Qe2 Bg4
22. Qd3 d5 23. cxd5 cxd5 24. Bf1 Ra8 25. Na4 Bf5 26. Qc3 Qxc3 27. Rxc3 e6 28. f3
h5 29. Rc7 a5 30. Rec1 Bh6 31. R1c6 Be3+ 32. Kg2 Kg7 33. Nc5 g5 34. Bd3 Bxd3 35.
Nxd3 Ng8 36. Ne5 Re7 37. Rxe7 Nxe7 38. Rc7 Rc8 39. Rxc8 Nxc8 40. Kf1 Nb6 41. a4
Bd2 42. Ke2 Bb4 43. Kd3 Nc8 44. Bc3 Na7 45. Kd2 f6 46. Nd3 Nc6 47. Bxb4 axb4 48.
Nc5 Kf7 49. Kd3 Na5 50. Na6 Nc6 51. f4 gxf4 52. gxf4 Ke7 53. Nc5 Na5 54. Na6 Nc6
55. Ke3 Kd6 56. h3 h4 57. Kd3 Kd7 58. Ke3 Kd6 59. Kd3 Kd7 60. Nc5+ Kd6 61. Nb7+
Kc7 62. Nc5 Kd6 63. Na6 Kd7 64. Ke3 Kd6 1/2-1/2

[Event "Mondiale Semilampo 2016"]
[Site "Doha QAT"]
[Date "2016.12.26"]
[Round "4.50"]
[White "Gholami, Aryan"]
[Black "Zhang, Zhong"]
[Result "1-0"]
[WhiteTitle "IM"]
[BlackTitle "GM"]
[WhiteElo "2422"]
[BlackElo "2645"]
[WhiteFideId "12513342"]
[BlackFideId "8600694"]
[EventDate "2016.12.26"]

1. e4 e5 2. Nf3 Nc6 3. Bb5 Nf6 4. O-O Nxe4 5. d4 Nd6 6. Bxc6 dxc6 7. dxe5 Nf5 8.
Qxd8+ Kxd8 9. Nc3 h6 10. Ne4 Ne7 11. h3 Ng6 12. b3 b6 13. Bb2 c5 14. Rad1+ Bd7
15. Nfd2 Nf4 16. Kh2 Kc8 17. g3 Nd5 18. c4 Ne7 19. f4 Nf5 20. Rde1 h5 21. Nf3
Be7 22. Nfg5 Be8 23. Kg2 Bxg5 24. Nxg5 Kb7 25. Kf2 Rh6 26. Rd1 a6 27. Rd2 Rg6
28. Rd3 Nh6 29. Re1 Bc6 30. e6 f6 31. Nf7 Nxf7 32. exf7 Rf8 33. Re7 Rh6 34. f5
Rhh8 35. Bc1 Rc8 36. Bf4 Rhf8 37. g4 hxg4 38. hxg4 b5 39. Rh3 Rfd8 40. Rh7 Rd4
41. Rxc7+ Rxc7 42. Bxc7 1-0

[Event "Mondiale Semilampo 2016"]
[Site "Doha QAT"]
[Date "2016.12.26"]
[Round "4.51"]
[White "Stratonowitsch, Andre"]
[Black "Potapov, Pavel"]
[Result "0-1"]
[BlackTitle "GM"]
[WhiteElo "2138"]
[BlackElo "2493"]
[WhiteFideId "24613959"]
[BlackFideId "4169786"]
[EventDate "2016.12.26"]

1. e4 c5 2. Nf3 Nc6 3. d4 cxd4 4. Nxd4 e5 5. Nb5 d6 6. N1c3 a6 7. Na3 b5 8. Nd5
Nce7 9. c4 Nxd5 10. Qxd5 Be6 11. Qd3 bxc4 12. Nxc4 Nf6 13. Be2 d5 14. exd5 e4
15. Qd4 Qxd5 16. Qxd5 Nxd5 17. a3 Bc5 18. O-O O-O 19. Be3 Nxe3 20. Nxe3 Bd4 21.
Rab1 Ba2 22. Ra1 Bb3 23. Bc4 Rfb8 24. Bxb3 0-1

[Event "Mondiale Semilampo 2016"]
[Site "Doha QAT"]
[Date "2016.12.26"]
[Round "4.52"]
[White "khayat, Abdullah F"]
[Black "Shytaj, Luca"]
[Result "0-1"]
[BlackTitle "IM"]
[WhiteElo "1732"]
[BlackElo "2435"]
[WhiteFideId "21500460"]
[BlackFideId "812633"]
[EventDate "2016.12.26"]

1. Nf3 Nf6 2. g3 g6 3. Bg2 Bg7 4. O-O O-O 5. d3 d5 6. Re1 Nc6 7. c3 e5 8. Nbd2
e4 9. dxe4 dxe4 10. Nd4 Nxd4 11. cxd4 Qxd4 12. e3 Qe5 13. Rb1 Bf5 14. b4 Qe6 15.
Qc2 Rac8 16. Bf1 Bg4 17. Bc4 Qf5 18. Be2 Bxe2 19. Rxe2 Nd5 20. Bb2 Rfe8 21. Bxg7
Kxg7 22. Qc4 c6 23. Rc1 Qe5 24. a3 h5 25. f4 exf3 26. Nxf3 Qe4 27. Kf2 Nf6 28.
Qxe4 Nxe4+ 29. Kg2 Rcd8 30. Nd4 Nxg3 31. hxg3 Rxd4 32. b5 Rd3 33. bxc6 bxc6 34.
Rxc6 Rexe3 35. Rxe3 Rxe3 36. Ra6 Re7 37. a4 Kh6 38. Rd6 Kg5 39. Kh3 Rc7 40. a5
f5 41. a6 Rc3 42. Kg2 Ra3 43. Rc6 Ra4 44. Rd6 h4 45. gxh4+ Kxh4 46. Kf3 Kg5 47.
Rc6 Ra3+ 48. Kg2 Kh5 49. Rf6 Ra5 50. Kf3 g5 51. Rd6 Ra3+ 52. Kg2 Kg4 53. Rd4+ f4
54. Rd6 Ra2+ 55. Kg1 Kg3 0-1

[Event "Mondiale Semilampo 2016"]
[Site "Doha QAT"]
[Date "2016.12.26"]
[Round "5.2"]
[White "Korobov, Anton"]
[Black "Yu, Yangyi"]
[Result "1-0"]
[WhiteTitle "GM"]
[BlackTitle "GM"]
[WhiteElo "2692"]
[BlackElo "2729"]
[WhiteFideId "14105730"]
[BlackFideId "8603820"]
[EventDate "2016.12.26"]

1. c4 e6 2. Nc3 d5 3. d4 Be7 4. Bf4 Nf6 5. e3 O-O 6. Nf3 b6 7. cxd5 Nxd5 8. Nxd5
Qxd5 9. Bd3 Ba6 10. O-O Bxd3 11. Qxd3 c5 12. e4 Qb7 13. d5 exd5 14. exd5 Nd7 15.
Rfe1 Rfe8 16. b3 Bf6 17. Rad1 b5 18. h4 h6 19. g4 Nf8 20. g5 hxg5 21. hxg5 Bb2
22. Be5 Ba3 23. Nh4 Bb4 24. Re3 Qd7 25. Nf5 c4 26. bxc4 bxc4 27. Qc2 Bc5 28.
Bxg7 Bxe3 29. fxe3 Ng6 30. Bc3 Nh4 31. Nh6+ Kf8 32. Qh7 Ke7 33. Bf6+ Kd6 34.
Nxf7+ Kc5 35. Bd4+ Kb5 36. Rb1+ Ka5 37. Bc3+ Ka6 38. Qh6+ 1-0

[Event "Mondiale Semilampo 2016"]
[Site "Doha QAT"]
[Date "2016.12.26"]
[Round "5.7"]
[White "Bu, Xiangzhi"]
[Black "Melkumyan, Hrant"]
[Result "0-1"]
[WhiteTitle "GM"]
[BlackTitle "GM"]
[WhiteElo "2705"]
[BlackElo "2633"]
[WhiteFideId "8601445"]
[BlackFideId "13302485"]
[EventDate "2016.12.26"]

1. Nf3 Nf6 2. c4 e6 3. Nc3 d5 4. d4 Nbd7 5. cxd5 exd5 6. Bf4 c6 7. e3 Nh5 8. Bg5
Be7 9. Bxe7 Qxe7 10. Be2 Nhf6 11. O-O O-O 12. Qc2 Re8 13. Rab1 a5 14. a3 Nf8 15.
b4 Bg4 16. h3 Bxf3 17. Bxf3 Ne6 18. h4 g6 19. g3 Ng7 20. Na4 axb4 21. axb4 Nf5
22. b5 Qd6 23. bxc6 bxc6 24. Nc5 Ra3 25. Qb2 Rea8 26. Qd2 Nxg3 27. fxg3 Qxg3+
28. Qg2 Qxh4 29. Qf2 Qg5+ 30. Bg2 Ra2 31. Qf3 Re8 32. Rbe1 Re7 33. e4 dxe4 34.
Nxe4 Nxe4 35. Rxe4 Qxg2+ 0-1

[Event "Mondiale Semilampo 2016"]
[Site "Doha QAT"]
[Date "2016.12.26"]
[Round "5.8"]
[White "Pantsulaia, Levan"]
[Black "Artemiev, Vladislav"]
[Result "1-0"]
[WhiteTitle "GM"]
[BlackTitle "GM"]
[WhiteElo "2607"]
[BlackElo "2653"]
[WhiteFideId "13602071"]
[BlackFideId "24101605"]
[EventDate "2016.12.26"]

1. Nf3 Nf6 2. g3 g6 3. b3 Bg7 4. Bb2 O-O 5. Bg2 c5 6. c4 Nc6 7. O-O Qa5 8. Nc3
Ne4 9. Qc1 Nxc3 10. Bxc3 Bxc3 11. dxc3 d6 12. Qe3 Bf5 13. Nh4 Bd7 14. Rfd1 Rad8
15. Rd2 Qc7 16. Qh6 Ne5 17. h3 f5 18. Qe3 Bc6 19. Bd5+ Bxd5 20. cxd5 Rf6 21. Ng2
Kh8 22. Nf4 Rg8 23. Ne6 Qc8 24. c4 g5 25. Qc3 f4 26. Kg2 b6 27. g4 Qe8 28. f3 h5
29. Re1 Qf7 30. e3 fxe3 31. Rxe3 Rgg6 32. Rxe5 dxe5 33. Qxe5 Qg8 34. Re2 hxg4
35. hxg4 Kh7 36. Kg3 Qc8 37. Nxg5+ Kg8 38. Qxe7 Qb8+ 39. Kg2 Rh6 40. Qe8+ Qxe8
41. Rxe8+ Rf8 42. Re7 a6 43. Ne6 Rff6 44. g5 Rfg6 45. f4 Kh8 46. Re8+ 1-0

[Event "Mondiale Semilampo 2016"]
[Site "Doha QAT"]
[Date "2016.12.26"]
[Round "5.9"]
[White "Bok, Benjamin"]
[Black "Wojtaszek, Radoslaw"]
[Result "1-0"]
[WhiteTitle "GM"]
[BlackTitle "GM"]
[WhiteElo "2598"]
[BlackElo "2749"]
[WhiteFideId "1017063"]
[BlackFideId "1118358"]
[EventDate "2016.12.26"]

1. e4 c5 2. Nf3 d6 3. Bb5+ Nd7 4. d4 cxd4 5. Qxd4 a6 6. Bxd7+ Bxd7 7. O-O Nf6 8.
Bg5 e6 9. Nbd2 Bc6 10. Nc4 b5 11. Nb6 Rb8 12. Nd5 exd5 13. exd5 Bb7 14. Rfe1+
Kd7 15. a4 Be7 16. axb5 axb5 17. Qd3 Qc7 18. Nd4 Qc4 19. Qh3+ Kd8 20. Nf5 Re8
21. Nxg7 Rg8 22. Rxe7 Kxe7 23. Bxf6+ Kxf6 24. Qh6+ Ke5 25. Re1+ Kxd5 26. Rd1+
Qd4 27. Qg5+ Kc4 28. b3+ Kc3 29. Qg3+ 1-0